Europäische Panzer Bild Quiz - Statistiken

Allgemein
  • Dieses Quiz wurde 25 mal gespielt
  • Das Durchschnittsergebnis liegt bei 5 aus 16
Antwortstatistiken
Bildquiz Antwort % Korrekt
t72
61%
Challenger 2
56%
Leclerc
56%
leopard 2a5
50%
Leopard 2A7V
50%
Leopard 2a8
44%
bmpt
39%
bmpt-72
28%
Challenger 3
17%
strv 122
17%
t-80BVM
17%
T90m
17%
C1 Ariete
11%
t90a
11%
Challenger Black Night
6%
Oplot
6%
Keine übereinstimmenden Quizze gefunden
Verteilung der Resultate
Anzahl Personen mit jedem Resultat
Perzentil nach korrekt beantworteten Fragen
Ihre Resultats-Entwicklung
Sie haben dieses Quiz noch nicht gespielt